000 00220nam a2200109Ia 4500
100 _a#N/A
942 _cBK
654 _asupply management
245 _aWorld Class Supply Management
260 _b#N/A
546 _aENGLISH
999 _c25867
_d25867